000 00737nam a2200253Ia 4500
003 OSt
005 20221005092049.0
006 a|||||r|||| 00| 0
007 ta
008 221004b |||||||| |||| 00| 0 eng d
024 _a32690
037 _cTextual
040 _aCRL
_cCRL
_beng
041 _2eng
_aeng
082 _aN1:3, J5
100 _aFord Katherine Morrow
_9616849
245 0 _aDesign for living
_b 175 examples of quality home interiors
260 _aNew York
_bReinhold Publishing Corporation USA
_c1955
300 _a215p
_ccm.
650 _aARTS
700 _a Creighton Thomas H
_9270986
942 _hN1:3, J5
_cTEXL
_2cc
999 _c998283
_d998283